000 01358naa a22003497a 4500
001 BR8104760
003 BR-BrBNA
005 20240918174801.0
007 ta
008 230509b bl.||||| |||| 00| 0 por d
040 _aBR-BrBNA
_bpor
_cBiblioteca Nacional de Agricultura
041 _a(Pt)
072 _aH10
_b0180
_b4020
_b4530
090 _aH10 BR8104760
100 1 _aSalvadori, J.R.
100 1 _aFabricio, A.C.
100 1 _aPortella, J.A.
111 1 _a7. Reuniao da Comissao Norte Brasileira de Pesquisa de Trigo
_cPonta Grossa, PR (Brazil)
_d12 Jan 1981
245 1 _aDanos de Elasmopalpus lignosellus (Zeller, 1848)(Lepidoptera, Pyralidae)em trigo semeado com diferentes tipos de maquinas [Inseto; Lagarta; Equipamento; Pratica cultural; Mecanizacao]
260 3 _aDourados, MS (Brasil):
_c1981.
500 _aResultados de pesquisa com trigo obtidos na UEPAE de Dourados em 1980 Dourados, MS (Brasil): 1981. p. 141-145 (BR8104760-AM)H10
650 _aTRIGO
650 _aINSETO
650 _aLAGARTA
650 _aEQUIPAMENTO
650 _aPRATICA CULTURAL
650 _aSEMEADURA MECANICA
650 _aMECANIZACAO
773 0 _tResultados de pesquisa com trigo obtidos na UEPAE de Dourados em 1980
_wH10 BR8104760
_gDourados, MS (Brasil), 1981. p. 141-145
909 _a202404
_bLucia
_c55
_dLucia Elande
942 _cAM
_2AGRIS
999 _c313552
_d313552